| 000 | 00798nam a22002175i 4500 | ||
|---|---|---|---|
| 001 | 172336 | ||
| 003 | ES-MaACL | ||
| 005 | 20230906214858.0 | ||
| 008 | 090625s2008 sp |||| | spa d | ||
| 080 | _a821.134.2-14"19" | ||
| 100 | 1 |
_aBenito de Lucas, Joaquín. _927672 |
|
| 245 | 1 | 0 |
_aCancionero del ánfora / _cJoaquín Benito de Lucas ; ilustraciones Amparo Ruiz de Luna ; epílogo Abraham Madroñal Durán. |
| 260 |
_aTalavera de la Reina : _bEdiciones 77, _c2008. |
||
| 300 |
_a47 p. : _bil. ; _c21 cm. |
||
| 490 | 1 |
_aCuadernos de Calixto ; _v3 |
|
| 700 | 1 |
_aRuiz de Luna, Amparo. _9140854 |
|
| 700 | 1 |
_aMadroñal Durán, Abraham. _975368 |
|
| 830 | 1 |
_aCuadernos de Calixto ; _v3 _9223302 |
|
| 852 | 4 |
_aES-MaACL _j2252-F-1 _z- Dedicatoria autógrafa del autor |
|
| 999 |
_c172336 _d172336 |
||